Gemeenten van Drenthe (2026) - Statistieken

Algemene statistieken
  • Deze quiz is 154 keer genomen
  • De gemiddelde score is 8 van 12
Antwoorden op de kaart
Antwoorden kleurgecodeerd door een groen-rode schaal op de quizkaart volgens % correct hieronder.
 
Antwoordstatistieken
Antwoord % Correct
Assen
96%
Emmen
91%
Meppel
87%
Coevorden
76%
Midden-Drenthe
69%
Aa en Hunze
67%
Hoogeveen
67%
Tynaarlo
56%
Borger-Odoorn
47%
Noordenveld
42%
De Wolden
40%
Westerveld
38%
Geen overeenkomende quizzen gevonden
Scoreverdeling
Procent van Mensen met Elke Score
Percentiel versus Aantal Correcte Antwoorden
Uw Scoregeschiedenis
U heeft deze quiz nog niet genomen